000 00476nam a22001457a 4500
008 151027b xxu||||| |||| 00| 0 eng d
020 _a9789966256317
050 _aAFR PL 8704 .G47 2015
100 _aGeranija Phineus
_d2015
245 _aMaji Shingoni/
_cPhineus Geranija
260 _aNairobi:
_bEast African Educational Publishers,
_c2015.
300 _a135p.:
_c17cm.
650 _aSwahili Literature
942 _2lcc
_cSH_L_BOOKS
_hAFR PL 8704 .G47 2015
_07
999 _c9450
_d9450